Nicéforo el tirano / (Registro nro. 115131)

Detalles MARC
000 -LEADER
campo de control de longitud fija 00876nam a2200241 i 4500
001 - NÚMERO DE CONTROL
campo de control 115131
003 - IDENTIFICADOR DE NÚMERO DE CONTROL
campo de control ES-MaACL
005 - FECHA Y HORA DE LA ÚLTIMA TRANSACCIÓN
campo de control 20250707062609.0
007 - CAMPO FIJO DE DESCRIPCIÓN FÍSICA--INFORMACIÓN GENERAL
campo de control de longitud fija t|
008 - DATOS DE LONGITUD FIJA--INFORMACIÓN GENERAL
campo de control de longitud fija 070222s1910 sp a |||| | spa d
080 ## - NÚMERO DE LA CLASIFICACIÓN DECIMAL UNIVERSAL
Número de la Clasificación Decimal Universal 821.2-32"19"
100 1# - ENTRADA PRINCIPAL--NOMBRE DE PERSONA
Nombre de persona Salaverría, José María,
Fechas asociadas al nombre 1873-1940
9 (RLIN) 101790
245 10 - MENCIÓN DEL TÍTULO
Título Nicéforo el tirano /
Mención de responsabilidad, etc. por José María Salaverria ; ilustraciones de G. Olive, G.
260 ## - PUBLICACIÓN, DISTRIBUCIÓN, ETC.
Lugar de publicación, distribución, etc. Madrid :
Nombre del editor, distribuidor, etc. El Cuento Semanal,
Fecha de publicación, distribución, etc. 1910.
300 ## - DESCRIPCIÓN FÍSICA
Extensión 18 p. :
Otras características físicas il. ;
Dimensiones 26 cm.
490 1# - MENCIÓN DE SERIE
Mención de serie El Cuento Semanal ;
Designación de volumen o secuencia año 4, n. 194
505 8# - NOTA DE CONTENIDO CON FORMATO
Nota de contenido con formato En p. [9]: Ateneo de Baratavia, dibujo inspirado en la fachada del Ateneo de Madrid y la Calle del Prado
610 24 - PUNTO DE ACCESO ADICIONAL DE MATERIA--NOMBRE DE ENTIDAD CORPORATIVA
Nombre de entidad corporativa o nombre de jurisdicción como elemento de entrada Ateneo de Madrid-
Subdivisión de forma Dibujo.
9 (RLIN) 155264
700 1# - ENTRADA AGREGADA--NOMBRE PERSONAL
Nombre de persona Olive G.
Títulos y otros términos asociados al nombre , ilustrador.
9 (RLIN) 86786
830 03 - PUNTO DE ACCESO ADICIONAL DE SERIE-TÍTULO UNIFORME
Título uniforme El cuento semanal
Designación de volumen o secuencia año 4, n. 194
9 (RLIN) 185957
852 ## - LOCALIZACIÓN
Ubicación ES-MaACL
Número de control de estantería G-4446(11)
Existencias
Estatus retirado Estado de pérdida Estado de daño No para préstamo Colección Biblioteca de origen Biblioteca actual Ubicación en estantería Fecha de adquisición Fuente de adquisición Total de préstamos Signatura topográfica completa Código de barras Visto por última vez Precio de reemplazo Tipo de ítem Koha
        Fondo Ateneo de Madrid Biblioteca del Ateneo de Madrid Biblioteca del Ateneo de Madrid Depósito 2 17/01/2008     G-4446(11) 1120052 23/02/2023 23/02/2023 Libro impreso